000 00329nam a2200133 i 4500
001 bg
100 1 _aKRZESAJ, Marian
245 0 _aWybrane przepisy budowlane dla rzemieślników /
_cMarian Krzesaj.
260 _awarszawa,
_c1979.
040 _cBPK
041 _apol
942 _cKS
008 s pl f |000 0 pol
999 _c18919
_d18919
856 _uhttp://koha.tu.koszalin.pl/cgi-bin/koha/opac-detail.pl?biblionumber=18919
_yKatalog online BPK